| 000 | 00443cam a2200181ua 4500 | ||
|---|---|---|---|
| 020 | _cRs 15.00 | ||
| 041 |
_amal _h |
||
| 082 |
_a704.942 _bMAT/KE |
||
| 100 | _aMathew K M, Mrs . | ||
| 245 |
_aKesalamkaram / _cMrs K M Mathew. _hTextual Documents |
||
| 250 |
_a1 / _b. |
||
| 260 |
_aKottayam : _bManorama Publishing House , _c1963. |
||
| 300 | _a95 ; . | ||
| 365 | _aRs 15.00 | ||
| 504 | _a | ||
| 942 | _cBK | ||
| 999 |
_c318 _d318 |
||